000 00333 a2200157 4500
001 75015
020 _a9788537716335
040 _cAnchieta - Colégio São Paulo
100 _aViégas, Aline
240 1 0 _aCiências
_lpor
245 1 0 _aCiências
300 _a199
362 0 _a2011
650 4 _aCiências da terra
942 _cBK
999 _c75015
_d75015